Introduction To Comparative Politics (Record no. 234391)

000 -LEADER
fixed length control field nam a22 7a 4500
003 - CONTROL NUMBER IDENTIFIER
control field Nust
005 - DATE AND TIME OF LATEST TRANSACTION
control field 20170320120102.0
008 - FIXED-LENGTH DATA ELEMENTS--GENERAL INFORMATION
fixed length control field 170320b xxu||||| |||| 00| 0 eng d
040 ## - CATALOGING SOURCE
Transcribing agency 0
082 ## - DEWEY DECIMAL CLASSIFICATION NUMBER
Classification number 320.3 KES
100 ## - MAIN ENTRY--PERSONAL NAME
Personal name Kesselman,Mark
245 ## - TITLE STATEMENT
Title Introduction To Comparative Politics
Statement of responsibility, etc. General Editors Mark Kesselman
250 ## - EDITION STATEMENT
Edition statement 4th ed
260 ## - PUBLICATION, DISTRIBUTION, ETC.
Place of publication, distribution, etc. Rawalpindi
Name of publisher, distributor, etc. National Book Foundation
Date of publication, distribution, etc. 2008
300 ## - PHYSICAL DESCRIPTION
Extent 682+Versis pages
500 ## - GENERAL NOTE
General note H.B
942 ## - ADDED ENTRY ELEMENTS (KOHA)
Source of classification or shelving scheme
Koha item type Book
Call number prefix 320.3 KES
Holdings
Withdrawn status Lost status Source of classification or shelving scheme Damaged status Not for loan Collection code Permanent Location Current Location Shelving location Date acquired Total Checkouts Full call number Barcode Date last seen Price effective from Koha item type
            Institute of Environmental Science and Engineering (IESE) Institute of Environmental Science and Engineering (IESE) General Stacks 03/20/2017   320.3 KES IESE-1652 03/20/2017 03/20/2017 Book
            Institute of Environmental Science and Engineering (IESE) Institute of Environmental Science and Engineering (IESE) General Stacks 03/20/2017   320.3 KES IESE-1653 03/20/2017 03/20/2017 Book
© 2023 Central Library, National University of Sciences and Technology. All Rights Reserved.